Sports Quiz

Random Sports or Soccer Quiz
Score 0/26 Timer 07:00
1 Play Today
% Correct
Edinson Cavani
91.7%
Lionel Messi
91.6%
Mohamed Salah
87.5%
Javier Hernández
86.9%
Christian Eriksen
84.6%
Robert Lewandowski
83.7%
Jordi Alba
82.7%
Willian
82.2%
Eric Dier
81.4%
Samuel Umtiti
79.1%
Marco Reus
79.1%
Granit Xhaka
77%
Ivan Perišić
74.3%
% Correct
Ricardo Quaresma
74.2%
Jan Vertonghen
72.5%
Medhi Benatia
64.4%
Jefferson Farfán
58.5%
Mile Jedinak
58.3%
Dušan Tadić
50.7%
Martin Olsson
44.4%
Maya Yoshida
42.5%
Wahbi Khazri
42.4%
Idrissa Gana Gueye
41%
Yuri Zhirkov
39.2%
Wilfred Ndidi
35.3%
José Izquierdo
32.8%
Remove Ads.
Support Sporcle.
Get the best of Sporcle when you Go Orange. This ad-free experience offers more features, more stats, and more fun while also helping to support Sporcle. Thank you for becoming a member.

You're not logged in!

Compare scores with friends on all Sporcle quizzes.
OR
Log In

Show Comments

Extras

Top Quizzes Today


Score Distribution

Your Account Isn't Verified!

In order to create a playlist on Sporcle, you need to verify the email address you used during registration. Go to your Sporcle Settings to finish the process.

Report this User

Report this user for behavior that violates our Community Guidelines.

Details: